000 02269cam a2200445 a 4500
001 13326583
005 20170105102851.0
008 030827s2004 miuab c b 001 0 eng
010 _a 2003019223
020 _a0787690899 (set : alk. paper)
020 _a0787676624 (v. 1)
020 _a0787690872 (v. 2)
040 _aDLC
_cDLC
_dDLC
042 _alcac
043 _an-us---
_ae-ur---
050 0 0 _aD843
_b.H284 2004
082 0 0 _a909.82/5
_222
100 1 _aHanes, Sharon M.
245 1 0 _aCold War :
_balmanac /
_cSharon M. Hanes and Richard C. Hanes ; Lawrence W. Baker, editor.
260 _aDetroit :
_bUXL,
_cc2004.
300 _a2 v. :
_bill., maps ;
_c24 cm.
440 0 _aU-X-L Cold War reference library
504 _aIncludes bibliographical references and index.
505 0 _aVol. 1. Origins of the Cold War ; Conflict builds ; Germany and Berlin ; Dawning of the nuclear age ; Homeland insecurities ; Espionage in the Cold War ; A worldwide Cold War -- v. 2. Renewed tensions ; Cuban Missile Crisis ; Mutual assured destruction ; An unsettled world ; Home front turmoil : the 1960s ; Détente : a lessening of tensions ; A freeze in relations ; End of the Cold War.
650 0 _aCold War
_vJuvenile literature.
650 0 _aWorld politics
_y1945-1989
_vJuvenile literature.
650 0 _aCuban Missile crisis, 1962
_vJuvenile literature.
650 1 _aCold War.
651 0 _aUnited States
_xForeign relations
_zSoviet Union
_vJuvenile literature.
651 0 _aSoviet Union
_xForeign relations
_zUnited States
_vJuvenile literature.
651 1 _aUnited States
_xForeign relations
_zSoviet Union.
651 1 _aSoviet Union
_xForeign relations
_zUnited States.
700 1 _aHanes, Richard Clay,
_d1946-
700 1 _aBaker, Lawrence W.
856 4 1 _3Table of contents
_uhttp://www.loc.gov/catdir/toc/ecip048/2003019223.html
906 _a7
_bcbc
_corignew
_d1
_eecip
_f20
_gy-gencatlg
942 _2ddc
_cBK
999 _c14288
_d14288